Functional analysis (Registro nro. 41152)

Detalles MARC
001 - NÚMERO DE CONTROL
campo de control 72593
005 - FECHA Y HORA DE LA ÚLTIMA TRANSACCIÓN
campo de control 20260504074708.0
008 - DATOS DE LONGITUD FIJA--INFORMACIÓN GENERAL
campo de control de longitud fija 960313s1990 eng
020 ## - NÚMERO INTERNACIONAL ESTÁNDAR DEL LIBRO
Número Internacional Estándar del Libro 9780486662893
035 ## - NÚMERO DE CONTROL DEL SISTEMA
Número de control de sistema 72593
035 ## - NÚMERO DE CONTROL DEL SISTEMA
Número de control de sistema (OCoLC)778203373
040 ## - FUENTE DE LA CATALOGACIÓN
Centro/agencia transcriptor comduadb
041 ## - CÓDIGO DE LENGUA
Código de lengua del texto/banda sonora o título independiente eng
082 #4 - NÚMERO DE LA CLASIFICACIÓN DECIMAL DEWEY
Número de clasificación 515
100 10 - ENTRADA PRINCIPAL--NOMBRE DE PERSONA
Nombre de persona Riesz, Frigyes
Código de función aut
Término indicativo de función/relación Autor/a
9 (RLIN) 261979
245 10 - MENCIÓN DE TÍTULO
Título Functional analysis
260 ## - PUBLICACIÓN, DISTRIBUCIÓN, ETC.
Lugar de publicación, distribución, etc. Nueva York :
Nombre del editor, distribuidor, etc. Dover Publications,
Fecha de publicación, distribución, etc. 1990.
300 ## - DESCRIPCIÓN FÍSICA
Extensión xii, 504 páginas
490 0# - MENCIÓN DE SERIE
Mención de serie Dover Books on Mathematics
650 #7 - PUNTO DE ACCESO ADICIONAL DE MATERIA--TÉRMINO DE MATERIA
Término de materia o nombre geográfico como elemento de entrada Análisis funcional
Fuente del encabezamiento o término lemb
9 (RLIN) 32359
942 ## - ELEMENTOS DE ENTRADA AGREGADA (KOHA)
Tipo de ítem Koha Libros
Existencias
Estado de retiro Estado de pérdida Estado dañado No para préstamo Código de colección Localización permanente Ubicación/localización actual Fecha de adquisición Número de inventario Total de préstamos Signatura topográfica completa Código de barras Fecha visto por última vez Fecha del último préstamo Número de copia Precio válido a partir de Tipo de ítem Koha
        Colección Semiactiva Planta Baja Biblioteca Carlos Gaviria Díaz, Campus Medellín Biblioteca Carlos Gaviria Díaz, Campus Medellín 27/06/1997 C116360 1 515.7 R562f 61000000235198 20/03/2026 19/02/2026 1 20/04/2023 Libros